000 00481nam a2200169Ia 4500
999 _c34855
_d34855
003 OSt
005 20201020093828.0
008 190216s9999||||xx |||||||||||||| ||und||
040 _coclc
082 _a320.1
_bBEL/W
100 _aBelov, Gennady
_95942
245 0 _aWhat Is The State? /
_cGennady Belov
260 _bProgress Publishers,
_c1986.
_aMoscow:
300 _a156p
650 _aPolitical Science
942 _cBK
_2ddc
_h320.1
_iBEL/W
_k320.1
_mBEL/W